000 00637cab a2200217 4500
001 WB2913-12
008 090401t1993 xxu||||| |||| 00| 0 eng d
035 _a(Sirsi) u39068
041 _aeng
245 _aFocus on strategy
260 _c1993
350 _a0
490 _aCSW - The Property Week
_v43(1) 1 April 1993, 55(1)
520 _aDiscusses the benefits that a strategic approach can bring to the performance of a fund`s property assets.
650 _aASSETS
650 _aPORTFOLIOS
650 _aPROPERTY FUND MANAGEMENT
690 _aPROPERTY-PROPERTY FINANCE AND INVESTMENT
942 _n0
948 _c04/03/1997
999 _c25051
_d25051